Einfluss der Kultur in den Marketingstrategien im Gaststättenwesen diplomová práca

Salvato in:
Dettagli Bibliografici
Autore principale: Maršová, Anna
Ente Autore: Fakulta aplikovaných jazykov EU v Bratislave. Katedra jazykovedy a translatológie
Altri autori: Lišková, Danuša
Natura: Libro
Lingua:tedesco
Pubblicazione: Bratislava 2014
Tags: Aggiungi Tag
Nessun Tag, puoi essere il primo ad aggiungerne!!

MARC

LEADER 00000nbm a2200000 4500
001 0191194
005 20161228083208.6
041 0 |a ger 
044 |a SK 
245 1 0 |a Einfluss der Kultur in den Marketingstrategien im Gaststättenwesen  |b diplomová práca  |c Anna Maršová ; školiteľ: Danuša Lišková 
264 1 |a Bratislava  |c 2014 
300 |a 85 s. 
100 1 |a Maršová, Anna 
700 1 |a Lišková, Danuša 
710 2 |a Fakulta aplikovaných jazykov EU v Bratislave. Katedra jazykovedy a translatológie